| 000 | 00320nam a22001337a 4500 | ||
|---|---|---|---|
| 999 |
_c533217 _d533217 |
||
| 003 | NUST | ||
| 038 | _aM.Ramzan | ||
| 082 |
_a925.0954 _bKAL |
||
| 100 |
_aKalam, APJ Abdul. _927012 |
||
| 245 | _awings of fire: An autobiography / | ||
| 260 |
_aIndia: _bUniversities Press, _c2010. |
||
| 300 | _a180 p, : | ||
| 942 |
_2ddc _cBK |
||